Los aliados ante España y el conflicto europeo / (Record no. 106919)

MARC details
000 -LEADER
campo de control de longitud fija 00418nam a2200145 4500
001 - NÚMERO DE CONTROL
campo de control 106919
003 - IDENTIFICADOR DE NÚMERO DE CONTROL
campo de control ES-MaACL
005 - FECHA Y HORA DE LA ÚLTIMA TRANSACCIÓN
campo de control 20230906184315.0
007 - CAMPO FIJO DE DESCRIPCIÓN FÍSICA--INFORMACIÓN GENERAL
campo de control de longitud fija t|
008 - DATOS DE LONGITUD FIJA--INFORMACIÓN GENERAL
campo de control de longitud fija 061121s1918 sp r ||||1| spa d
100 1# - ENTRADA PRINCIPAL--NOMBRE DE PERSONA
Nombre de persona Mora y Torres, Juan Ramón.
9 (RLIN) 82897
245 14 - MENCIÓN DEL TÍTULO
Título Los aliados ante España y el conflicto europeo /
Mención de responsabilidad, etc. Juan Ramón Mora y Torres.
260 ## - PUBLICACIÓN, DISTRIBUCIÓN, ETC.
Lugar de publicación, distribución, etc. Madrid :
Nombre del editor, distribuidor, etc. [s.n.],
Fecha de publicación, distribución, etc. 1918.
852 ## - LOCALIZACIÓN
Ubicación ES-MaACL
Número de control de estantería 1488-F-8
Holdings
Estatus retirado Estado de pérdida Estado de daño No para préstamo Colección Biblioteca de origen Biblioteca actual Ubicación en estantería Fecha de adquisición Fuente de adquisición Total de préstamos Signatura topográfica completa Código de barras Visto por última vez Precio de reemplazo Tipo de ítem Koha
        Colección de folletos Biblioteca del Ateneo de Madrid Biblioteca del Ateneo de Madrid Depósito folletos 17/01/2008     1488-F-8 1111601 23/02/2023 23/02/2023 Folleto